| 000 | 00567nam a22001697a 4500 | ||
|---|---|---|---|
| 008 | 230704b |||||||| |||| 00| 0 eng d | ||
| 040 |
_aNational Science Library _cNational Science Library |
||
| 080 |
_a504.054 _bN2 |
||
| 100 | _aBist, Sujata | ||
| 245 | _aपर्यावरण, प्रदुषण और इक्कीसवीन सदी | ||
| 246 | _aParyavarna pradooshan aur ikkisavin sadi | ||
| 260 |
_aNew Delhi: _bTakshila Prakashan, _c1992 |
||
| 300 | _a126p. | ||
| 650 | _aEnvironmental science | ||
| 653 | _aPollution | ||
| 942 |
_2udc _cHBK |
||
| 999 |
_c48975 _d48975 |
||